000 00735cam a22002533a 4500
001 15262
003 PGUSA
005 20140828083327.0
008 050305s2005||||xxu|||||s|||||000 | eng d
040 _aPGUSA
_beng
042 _adc
050 4 _aBR
100 1 _aHaines, Charles Reginald
245 1 0 _aChristianity and Islam in Spain, A.D. 756-1031
_h[electronic resource] /
_cCharles Reginald Haines
260 _bProject Gutenberg,
_c2005
506 _aPublic domain in the USA.
516 _aElectronic text
653 _aIslam -- Spain
653 _aChristian martyrs -- Spain
653 _aChristianity -- Spain
830 0 _aProject Gutenberg
_v15262
856 4 0 _uhttp://www.gutenberg.org/ebooks/15262
942 _cEB
999 _c244517
_d244517